000 00835nam a2200265Ia 4500
003 OSt
005 20220927105404.0
006 a|||||r|||| 00| 0
007 ta
008 220926b |||||||| |||| 00| 0 eng d
020 _a9789211128154
024 _a190949
037 _cReference Collections
040 _aRTL
_cRTL
_beng
041 _2eng
_aeng
082 _a"X65.1, Q1/UN"
110 _aUNITED NATIONS CONFERENCE ON TRADE AND DEVELOPMENT
245 0 _aScope and definition
260 _aUnited
_bNations New York
_c2011
300 _a"xiv, 149p Bibliography: P 126-31"
_ccm.
490 _aUNCTAD Series on Issues in International Investment Agreements II
700 _aUNITED NATIONS CONFERENCE ON TRADE AND DEVELOPMENT
942 _h"X65.1, Q1/UN"
_cCC
999 _c692264
_d692264